|
|
|
|
| LEADER |
00000cam a2200000 a 4500 |
| 001 |
UCG6517 |
| 003 |
CL-VaPUC |
| 008 |
110428e20020000SP |||||||||||||||||spa|d |
| 020 |
|
|
|a 9788481745993
|
| 082 |
0 |
4 |
|a 610.73
|b SOR
|2 21
|
| 100 |
0 |
|
|a Sorrentino, Sheila A
|e author
|9 556758
|
| 700 |
0 |
|
|a Gorek, Bernie
|e author
|9 556759
|
| 245 |
1 |
0 |
|a Fundamentos de enfermería práctica
|
| 250 |
|
|
|a 2a. ed
|
| 300 |
|
|
|a 429 p
|
| 942 |
|
|
|c BK
|
| 945 |
|
|
|d 20110428 00:00:00
|a jcampos
|
| 260 |
|
|
|a Madrid
|b Elsevier
|c 2002
|
| 650 |
|
7 |
|a ENFERMERIA
|2 CL-VaPUC
|9 358289
|
| 650 |
|
0 |
|a Asistentes médicos
|9 556767
|
| 650 |
|
7 |
|a MANUAL ENFERMERIA
|2 CL-VaPUC
|9 556761
|
| 650 |
|
0 |
|a Auxiliares médicos
|9 556762
|
| 583 |
|
|
|a last modification
|c 20110902 11:10:55
|k Rodrigo Vera
|
| 999 |
|
|
|c 344721
|d 344719
|
| 952 |
|
|
|0 0
|1 0
|4 0
|6 610_730000000000000_SOR_2002
|7 0
|8 A
|9 442862
|a BIBCUR
|b BIBCUR
|d 2019-11-22
|i 477082K
|l 2
|o 610.73 SOR 2002
|p 477082K
|r 2025-04-22
|s 2023-10-18
|w 2019-11-22
|y BK
|k KIN
|
| 952 |
|
|
|0 0
|1 0
|4 0
|6 610_730000000000000_SOR_2002
|7 0
|8 A
|9 442863
|a BIBCUR
|b BIBCUR
|d 2019-11-22
|i 4770838
|o 610.73 SOR 2002
|p 4770838
|r 2025-04-22
|w 2019-11-22
|y BK
|k KIN
|
| 952 |
|
|
|0 0
|1 0
|4 0
|6 610_730000000000000_SOR_2002
|7 0
|8 A
|9 442864
|a BIBCUR
|b BIBCUR
|d 2019-11-22
|i 4789415
|o 610.73 SOR 2002
|p 4789415
|r 2025-04-22
|w 2019-11-22
|y BK
|k KIN
|
| 952 |
|
|
|0 0
|1 0
|4 0
|6 610_730000000000000_SOR_2002
|7 0
|8 A
|9 442865
|a BIBCUR
|b BIBCUR
|d 2019-11-22
|i 4789423
|o 610.73 SOR 2002
|p 4789423
|r 2025-04-22
|w 2019-11-22
|y BK
|k KIN
|
| 952 |
|
|
|0 0
|1 0
|4 0
|6 610_730000000000000_SOR_2002
|7 0
|8 A
|9 442866
|a BIBCUR
|b BIBCUR
|d 2019-11-22
|i 4789431
|o 610.73 SOR 2002
|p 4789431
|r 2025-04-22
|w 2019-11-22
|y BK
|k KIN
|
| 952 |
|
|
|0 0
|1 0
|4 0
|6 610_730000000000000_SOR_2002
|7 0
|8 A
|9 442867
|a BIBCUR
|b BIBCUR
|d 2019-11-22
|i 478944K
|o 610.73 SOR 2002
|p 478944K
|r 2025-04-22
|w 2019-11-22
|y BK
|k KIN
|
| 952 |
|
|
|0 0
|1 0
|4 0
|6 610_730000000000000_SOR_2002
|7 0
|8 A
|9 442868
|a BIBCUR
|b BIBCUR
|d 2019-11-22
|i 4789458
|o 610.73 SOR 2002
|p 4789458
|r 2025-04-22
|w 2019-11-22
|y BK
|k KIN
|